Flags of Countries that border Germany - Sudden Death - Statistics

General Stats
  • This quiz has been taken 56 times
  • The average score is 7 of 9
Answers on the Grid
Answers color-coded by a green-red scale on the quiz's grid according to % correct below.
 
Answer Stats
Answer % Correct
93%
86%
82%
75%
75%
68%
68%
68%
61%
No matching quizzes found
Score Distribution
Percent of People with Each Score
Percentile by Number Answered
Your Score History
You have not taken this quiz